Biología /
Guardado en:
| Autor Principal: | |
|---|---|
| Otros Autores: | |
| Formato: | Libro |
| Publicado: |
Buenos Aires :
Médica Panamericana,
2005
|
| Edición: | 7a. ed. |
| Materias: | |
| Etiquetas: |
Agregar Etiqueta
biologia
1
|
| LEADER | 01092nam a22002655a 4500 | ||
|---|---|---|---|
| 001 | CEM.cems017228 | ||
| 005 | 20100922180740.0 | ||
| 008 | 130507s2005##################000#0#####d | ||
| 003 | CEMS | ||
| 020 | |a 9788479039981 | ||
| 082 | 0 | 4 | |a 574 |
| 100 | 1 | |a Campbell, Neill A. | |
| 245 | 1 | 0 | |a Biología / |c Neill A. Campbell y Jane B. Reece |
| 250 | |a 7a. ed. | ||
| 260 | |a Buenos Aires : |b Médica Panamericana, |c 2005 | ||
| 300 | |a 1231 p. | ||
| 505 | 0 | |a Exploración de la vida -- La química de la vida -- La célula -- Genética -- Mecanismos de la evolución -- La historia evolutiva de la diversidad biológica -- Forma y funcionamiento de las plantas -- Forma y funcionamiento de los animales -- Ecología | |
| 653 | |a Biología | ||
| 653 | |a Evolución | ||
| 653 | |a Ecología | ||
| 700 | 1 | |a Reece, Jane B. | |
| 859 | |a CEMS |b BIB. CEMS - Agricultura |h 574 |i C152a7 |p A0972.09 |t Ej.1 | ||
| 859 | |a CEMS |b BIB. CEMS - Agricultura |h 574 |i C152a7 |p A1267.11 |t Ej.2 | ||
| 859 | |a CEMS |b BIB. CEMS - Agricultura |h 574 |i C152a7 |p A1599.12 |t Ej.3 | ||
| 859 | |a CEMS |b BIB. CEMS - Agricultura |h 574 |i C152a7 |p A1600.12 |t Ej.4 | ||
